Alfonso XII y los orígenes de la Restauración / Manuel Espadas Burgos
Descripción Física:
XLVII, 427 p., [26] p. de làm. ; 24 cm
Colección:
Biblioteca de Historia ; 2
Materias:
Espanya -- Història -- S. XIX
MARC
| LEADER | 00000nam a2200000Ia 4500 | ||
|---|---|---|---|
| 001 | 9455 | ||
| 008 | 160829s1990 xx 000 0 cat d | ||
| 080 | |a H-1-85 | ||
| 100 | |a Espadas Burgos, Manuel |9 36637 | ||
| 245 | |a Alfonso XII y los orígenes de la Restauración / Manuel Espadas Burgos | ||
| 250 | |a 2a ed. | ||
| 260 | |a Madrid : |b Consejo Superior de Investigaciones Científicas, |c 1990 | ||
| 300 | |a XLVII, 427 p., [26] p. de làm. ; |c 24 cm | ||
| 490 | |a Biblioteca de Historia ; 2 | ||
| 590 | |a Premio Menéndez Pelayo del CSIC (1975) | ||
| 651 | 0 | |a Espanya |x Història |y S. XIX |9 54679 | |
| 710 | 2 | |a Consejo Superior de Investigaciones Científicas (CSIC) (Espanya) |9 53988 | |
| 901 | |a Arxiu | ||
| 942 | |n 1 | ||
| 952 | |0 0 |1 0 |4 0 |6 H185 |7 1 |9 47407 |a Arxiu |b Arxiu |d 2016-12-01 |l 0 |o H-1-85 |p 9455 |r 2016-12-01 00:00:00 |w 2016-12-01 |y ARXIU | ||
| 999 | |c 51205 |d 51205 | ||